[Event "Kochan Memorial op 24th"]
[Site "Koszalin"]
[Date "2013.08.14"]
[Round "6"]
[White "Oglaza, Oskar"]
[Black "Wasilewski, Leszek"]
[Result "1-0"]
[WhiteElo "1512"]
[BlackElo "1337"]
[PlyCount "47"]
[EventDate "2013.08.10"]
[EventType "swiss"]
[EventRounds "9"]
[EventCountry "POL"]
[SourceTitle "CBM 155 Extra"]
[Source "ChessBase"]
[SourceDate "2013.08.26"]
[SourceVersion "1"]
[SourceVersionDate "2013.08.26"]
[SourceQuality "1"]

1. e4 c6 2. d4 d5 3. exd5 cxd5 4. c4 e6 5. Nc3 Nf6 6. Nf3 Bb4 7. Bd2 0-0 8. Be2 Re8 9. 0-0 Nbd7 10. a3 Bxc3 11. Bxc3 b6 12. Re1 Bb7 13. Rc1 Rc8 14. b3 h6 15. Bb4 Ba6 16. Bd3 Bb7 17. Ne5 Nxe5 18. dxe5 Ne4 19. Bxe4 dxe4 20. Bd6 Qg5 21. Re3 f5 22. Rg3 Qd8 23. Qh5 Kh7 24. Qg6+ 1-0

[Event "Kochan Memorial op 23rd"]
[Site "Koszalin"]
[Date "2012.08.15"]
[Round "6"]
[White "Dura, Damian"]
[Black "Wasilewski, Leszek"]
[Result "0-1"]
[WhiteElo "1617"]
[BlackElo "1353"]
[PlyCount "50"]
[EventDate "2012.08.11"]
[EventType "swiss"]
[EventRounds "9"]
[EventCountry "POL"]
[SourceTitle "CBM 149 Extra"]
[Source "ChessBase"]
[SourceDate "2012.08.24"]
[SourceVersion "1"]
[SourceVersionDate "2012.08.24"]
[SourceQuality "1"]

1. e4 c6 2. d4 d5 3. e5 Bf5 4. Be3 e6 5. Bd3 Ne7 6. Nf3 h6 7. c3 Qb6 8. b3 Nd7 9. 0-0 g5 10. Qc2 Bg4 11. Nfd2 Rc8 12. c4 Qd8 13. c5 Nf5 14. Nc3 Rg8 15. h3 Bxh3 16. gxh3 g4 17. Bxf5 gxh3+ 18. Kh1 exf5 19. Qxf5 Qh4 20. e6 Kd8 21. Qxf7 Nf6 22. Nf3 Qg4 23. Ne1 h2 24. f3 Qh3 25. Rf2 Rg1# 0-1